Les 2 plus grandes villes par pays du Monde - Statistiques

Statistiques générales
  • Ce quiz a été pris 1 383 fois
  • Le résultat moyen est 132 sur 386
Statistiques - réponses
Pays Ville 1 % Correct
Allemagne Berlin
96%
France Paris
92%
Espagne Madrid
89%
Autriche Vienne
89%
Marseille
88%
Grèce Athènes
87%
Italie Rome
87%
Barcelone
85%
Royaume-Uni Londres
85%
Irlande Dublin
84%
Portugal Lisbonne
84%
Pays-Bas Amsterdam
83%
Andorre Andorre-La-Vieille
83%
Luxembourg Luxembourg
83%
Russie Moscou
83%
Norvège Oslo
83%
Bulgarie Sofia
82%
Croatie Zagreb
82%
Danemark Copenhague
81%
Finlande Helsinki
81%
Hongrie Budapest
80%
Ukraine Kiev
80%
Europe Albanie Tirana
80%
Roumanie Bucarest
79%
Milan
79%
Porto
79%
Pologne Varsovie
79%
Biélorussie Minsk
78%
Etats-Unis New York
78%
République Tchèque Prague
77%
Pékin
76%
Bosnie-Herzégovine Sarajevo
76%
Suède Stockholm
76%
Mexique Mexico
75%
Islande Reykjavik
74%
Saint-Pétersbourg
74%
Estonie Tallinn
74%
Japon Tokyo
74%
Los Angeles
73%
Lettonie Riga
73%
Rotterdam
73%
Suisse Zurich
72%
Algérie Alger
71%
Serbie Belgrade
71%
Genève
71%
Lituanie Vilnius
71%
Delhi
70%
Corée du Sud Séoul
70%
Océanie Australie Sydney
70%
Bo
69%
Amérique du Sud Argentine Buenos Aires
69%
Hambourg
69%
Montréal
69%
Rio de Janeiro
69%
Cuba La Havane
68%
Liechtenstein Schaan
68%
Canada Toronto
68%
Bangladesh Dacca
67%
Turquie Istanbul
67%
Égypte Le Caire
67%
Ankara
66%
Slovaquie Bratislava
66%
Indonésie Jakarta
66%
Israël Jérusalem
66%
Panama Panama
66%
Tunisie Tunis
66%
Vaduz
66%
Asie Afghanistan Kaboul
65%
Pérou Lima
65%
Slovénie Ljubljana
65%
Chine Shanghai
65%
Iran Téhéran
65%
Irak Bagdad
64%
Colombie Bogota
64%
Inde Mumbai
64%
Rabat
64%
Arabie Saoudite Riyad
64%
Brésil São Paulo
64%
Moldavie Chișinău
63%
Émirats arabes unis Dubaï
63%
Uruguay Montevideo
63%
Corée du Nord Pyongyang
63%
Chili Santiago
63%
Macédoine du Nord Skopje
63%
Belgique Anvers
62%
Thaïlande Bangkok
62%
Cracovie
62%
Kosovo Pristina
62%
Liban Beyrouth
61%
Sénégal Dakar
61%
Qatar Doha
60%
Jamaïque Kingston
60%
Saint-Vincent-et- les-Grenadines Kingstown
60%
La Paz
60%
Manille
60%
Maroc Casablanca
59%
Hanoï
59%
Afrique Afrique du Sud Johannesburg
59%
Rép dém du Congo Kinshasa
59%
Melbourne
59%
Chypre Nicosie
59%
Mongolie Oulan-Bator
59%
Wellington
59%
Birmingham
58%
Damas
58%
Malaisie Kuala Lumpur
58%
Monténégro Podgorica
58%
Haïti Port-au-Prince
58%
Azerbaïdjan Bakou
57%
Caracas
57%
Guatemala Guatemala
57%
Pretoria
57%
Quito
57%
Taïwan Taipei
57%
Tel Aviv-Jaffa
57%
Tripoli
57%
Mali Bamako
56%
Djibouti Djibouti
56%
Arménie Erevan
56%
Kenya Nairobi
56%
Népal Katmandou
55%
Géorgie Tbilissi
55%
Rép du Congo Brazzaville
54%
Alexandrie
53%
Noursoultan
53%
Salvador San Salvador
52%
Yaoundé
52%
Côte d'Ivoire Abidjan
51%
Éthiopie Addis-Abeba
51%
Jordanie Amman
51%
Madagascar Antananarivo
51%
Paraguay Asuncion
51%
Nigeria Lagos
51%
Gabon Libreville
50%
Burkina Faso Ouagadougou
50%
Cambodge Phnom Penh
50%
République Dominicaine Saint-Domingue
50%
Yémen Sana'a
50%
Costa Rica San José
49%
Khartoum
48%
Angola Luanda
48%
Ghana Accra
47%
Viêt Nam Hô-Chi-Minh-Ville
47%
Bahamas Nassau
47%
Thessalonique
47%
Guinée-Bissau Bissau
46%
Nouvelle-Zélande Auckland
45%
Sierra Leone Freetown
45%
Georgetown
45%
Honduras Tegucigalpa
45%
Laos Vientiane
45%
Guinée Conakry
44%
Maldives Malé
44%
Sao Tomé-et- Principe São Tomé
44%
Split
44%
Cork
43%
Togo Lomé
43%
Niger Niamey
43%
Oran
43%
Ouzbékistan Tachkent
43%
Göteborg
42%
Pakistan Karachi
42%
Bahreïn Manama
42%
Mauritanie Nouakchott
42%
Kirghizistan Bichkek
41%
Nicaragua Managua
41%
Somalie Mogadiscio
41%
Tchad N'Djaména
41%
Sri Lanka Colombo
40%
Medellín
40%
Namibie Windhoek
40%
Rwanda Kigali
39%
Mozambique Maputo
39%
Suriname Paramaribo
39%
Papouasie- Nouvelle- Guinée Port Moresby
39%
Brunei Bandar Seri Begawan
38%
Timor Oriental Dili
38%
Zimbabwe Harare
38%
Ouganda Kampala
38%
Kharkiv
38%
Turkménistan Achgabat
37%
République centrafricaine Bangui
37%
Tanzanie Dar es Salaam
37%
Île Maurice Port Louis
37%
Cap-Vert Praia
37%
Bhoutan Thimphou
37%
Seychelles Victoria
37%
Tadjikistan Douchanbé
36%
Botswana Gaborone
36%
Zambie Lusaka
36%
Liberia Monrovia
36%
Dominique Roseau
36%
Suva
36%
Érythrée Asmara
35%
Bergen
35%
Gand
35%
Malawi Lilongwe
34%
Amérique du Nord Antigua-et- Barbuda Saint John's
34%
Mbabane
33%
Comores Moroni
33%
Soudan du Sud Djouba
32%
Syrie Alep
31%
Barbade Bridgetown
31%
Busan
31%
Sainte-Lucie Castries
31%
Grenade Saint George's
31%
Graz
30%
Lahore
30%
Malabo
30%
Lesotho Maseru
29%
Vanuatu Port-Vila
29%
Saint-Christophe- et-Niévès Basseterre
28%
Gitega
28%
Samoa Apia
27%
Tuvalu Funafuti
27%
Tonga Nuku'alofa
27%
Palikir
27%
Brno
26%
Djeddah
26%
Cameroun Douala
26%
Yaren
26%
Salomon Honiara
25%
Kaunas
24%
Birmanie Rangoon
24%
Kiribati Tarawa
23%
Bénin Cotonou
22%
Aarhus
21%
Îles Marshall Majuro
21%
Belize Belize City
19%
Burundi Bujumbura
19%
Kano
18%
Kazakhstan Almaty
17%
Córdoba
17%
Équateur Guayaquil
17%
Limassol
16%
Surabaya
16%
Yokohama
16%
Chittagong
15%
Cluj-Napoca
14%
Maribor
14%
Novi Sad
14%
Sfax
14%
Mombasa
13%
Plovdiv
13%
Tiraspol
13%
Benghazi
11%
Durrës
11%
Esch-sur-Alzette
11%
Mosta
11%
Bolivie Santa Cruz
11%
Venezuela Maracaibo
10%
Philippines Quezon City
10%
Arequipa
9%
Debrecen
9%
Pointe-Noire
9%
Espoo
8%
Košice
8%
Mandalay
8%
Samarcande
8%
Tartu
8%
Bassorah
7%
Banja Luka
6%
Daugavpils
6%
Kumasi
5%
León
5%
Port-Gentil
5%
Santiago de Cuba
5%
Bitola
4%
Hargeisa
4%
Homiel
4%
Mechhed
4%
San Pedro Sula
4%
Guinée équatoriale Bata
3%
Batoumi
3%
Malte Birkirkara
3%
Blantyre
3%
Bobo-Dioulasso
3%
Ciudad del Este
3%
Ecatepec
3%
Kaohsiung
3%
Palaos Koror
3%
Mbuji-Mayi
3%
Prizren
3%
Saint-Marin Serravalle
3%
Al Rayyan
2%
Bouaké
2%
Bulawayo
2%
Carrefour
2%
Charjah
2%
Escaldes-Engordany
2%
Francistown
2%
Freeport
2%
Huambo
2%
Kópavogur
2%
Lae
2%
Mwanza
2%
Nikšić
2%
Nouâdhibou
2%
Och
2%
Salalah
2%
Oman Sib
2%
Sihanoukville
2%
Türkmenabat
2%
Abomey-Calavi
1%
Bimbo
1%
Borgo Maggiore
1%
Butare
1%
Trinité-et-Tobago Chaguanas
1%
Ciudad de la Costa
1%
Dire Dawa
1%
Erdenet
1%
Gandja
1%
Gouyave
1%
Gyumri
1%
Hamhung
1%
Eswatini Manzini
1%
Mazâr-e Charîf
1%
Mindelo
1%
Mixco
1%
Mutsamudu
1%
Fidji Nasinu
1%
Soudan Omdourman
1%
Pokhara
1%
Portsmouth
1%
Puente Alto
1%
Puerto Limón
1%
San Fernando
1%
San Ignacio
1%
Santiago de los Caballeros
1%
Savannakhet
1%
Gambie Serrekunda
1%
Sikasso
1%
Sokodé
1%
Soyapango
1%
Spanish Town
1%
Ta'izz
1%
Toamasina
1%
Walvis Bay
1%
Micronésie Weno
1%
Zinder
1%
Koweït Al Aḩmadī
0%
Ali Sabieh
0%
All Saints
0%
Al Muharraq
0%
Nauru Arijejen
0%
Assab
0%
Auki
0%
Ḩawallī
0%
Bafatá
0%
Baucau
0%
Beau Bassin-Rose Hill
0%
Betio
0%
Brikama
0%
Dehiwala-Mount Lavinia
0%
De Quincey
0%
Ebeye
0%
Fig Tree
0%
Fuvammulah
0%
Ganta
0%
Gulu
0%
Khodjent
0%
Kuala Belait
0%
Lelydorp
0%
Linden
0%
Luganville
0%
Matola
0%
Meyuns
0%
Moundou
0%
Ndola
0%
Neiafu
0%
Nonthaburi
0%
Nzérékoré
0%
Phuentsholing
0%
Pikine
0%
Salelologa
0%
San Miguelito
0%
Santo Amaro
0%
Speightstown
0%
Subang Jaya
0%
Teyateyaneng
0%
Vaitupu
0%
Vieux Fort
0%
Wau
0%
Zarqa
0%
Aucun quiz correspondant
Distribution des résultats
% des personnes avec chaque résultat
Percentile par nombre de réponses
Votre historique - résultats
Vous n’avez pas pris ce quiz